ARRUPE JESUIT UNIVERSITY

CORONAVIRUS -STOP THE SPREAD - CLEAN,DISINFECT,COVER

Rise of the robots : (Record no. 131321)

MARC details
000 -LEADER
fixed length control field 01487cim a2200421 i 4500
001 - CONTROL NUMBER
control field 19739674
003 - CONTROL NUMBER IDENTIFIER
control field ARRUPE
005 - DATE AND TIME OF LATEST TRANSACTION
control field 20220421093252.0
008 - FIXED-LENGTH DATA ELEMENTS--GENERAL INFORMATION
fixed length control field 170620s2015 miunnn| z | eng d
010 ## - LIBRARY OF CONGRESS CONTROL NUMBER
LC control number 2017625601
020 ## - INTERNATIONAL STANDARD BOOK NUMBER
International Standard Book Number 1480574724
020 ## - INTERNATIONAL STANDARD BOOK NUMBER
International Standard Book Number 9781480574724
020 ## - INTERNATIONAL STANDARD BOOK NUMBER
International Standard Book Number 1480574732
Qualifying information (library edition)
020 ## - INTERNATIONAL STANDARD BOOK NUMBER
International Standard Book Number 9781480574731
020 ## - INTERNATIONAL STANDARD BOOK NUMBER
International Standard Book Number 1480574767
020 ## - INTERNATIONAL STANDARD BOOK NUMBER
International Standard Book Number 9781480574762
035 ## - SYSTEM CONTROL NUMBER
System control number (OCoLC)ocn952577940
040 ## - CATALOGING SOURCE
Original cataloging agency NLGGC
Language of cataloging eng
Description conventions rda
Transcribing agency NLGGC
Modifying agency OCLCO
-- OCLCF
-- OCLCO
-- OCLCQ
-- DLC
041 0# - LANGUAGE CODE
Language code of sung or spoken text eng
042 ## - AUTHENTICATION CODE
Authentication code lccopycat
050 00 - LIBRARY OF CONGRESS CALL NUMBER
Classification number HD6331.F58 2015
300 ## - PHYSICAL DESCRIPTION
Dimensions 22cm.
100 1# - MAIN ENTRY--PERSONAL NAME
Personal name Ford, Martin
Fuller form of name (Martin R.)
9 (RLIN) 51367
245 10 - TITLE STATEMENT
Title Rise of the robots :
Remainder of title technology and the threat of a jobless future /
Statement of responsibility, etc Martin Ford.
260 ## - PUBLICATION, DISTRIBUTION, ETC. (IMPRINT)
Place of publication, distribution, etc New York
Name of publisher, distributor, etc Basic Books
Date of publication, distribution, etc 2015
300 ## - PHYSICAL DESCRIPTION
Extent xviii, 334p. ;
306 ## - PLAYING TIME
Playing time 102300
650 #0 - SUBJECT ADDED ENTRY--TOPICAL TERM
Topical term or geographic name as entry element Labor supply
General subdivision Effect of automation on.
9 (RLIN) 51368
650 #0 - SUBJECT ADDED ENTRY--TOPICAL TERM
Topical term or geographic name as entry element Labor supply
General subdivision Effect of technological innovations on.
9 (RLIN) 51369
650 #0 - SUBJECT ADDED ENTRY--TOPICAL TERM
Topical term or geographic name as entry element Employment forecasting.
9 (RLIN) 51370
650 #0 - SUBJECT ADDED ENTRY--TOPICAL TERM
Topical term or geographic name as entry element Technological innovations
General subdivision Economic aspects.
9 (RLIN) 18279
650 #7 - SUBJECT ADDED ENTRY--TOPICAL TERM
Topical term or geographic name as entry element Employment forecasting.
Source of heading or term fast
9 (RLIN) 51370
650 #7 - SUBJECT ADDED ENTRY--TOPICAL TERM
Topical term or geographic name as entry element Labor supply
General subdivision Effect of automation on.
Source of heading or term fast
9 (RLIN) 51368
650 #7 - SUBJECT ADDED ENTRY--TOPICAL TERM
Topical term or geographic name as entry element Labor supply
General subdivision Effect of technological innovations on.
Source of heading or term fast
9 (RLIN) 51369
700 1# - ADDED ENTRY--PERSONAL NAME
Personal name Cummings, Jeff.
Relator code nrt
9 (RLIN) 51371
906 ## - LOCAL DATA ELEMENT F, LDF (RLIN)
a 7
b cbc
c copycat
d 2
e ncip
f 20
g y-soundrec
942 ## - ADDED ENTRY ELEMENTS (KOHA)
Source of classification or shelving scheme Library of Congress Classification
Koha item type Monograph ( Printed materials)
Holdings
Withdrawn status Lost status Source of classification or shelving scheme Damaged status Not for loan Collection code Home library Current library Shelving location Date acquired Total Checkouts Full call number Barcode Date last seen Price effective from Koha item type
    Library of Congress Classification     Main Collection ARRUPE LIBRARY ARRUPE LIBRARY Main Collection 21/04/2022   HD6331.F58 2015 46600008697 21/04/2022 21/04/2022 Monograph ( Printed materials)

 

Arrupe Library. PO Box MP320 Mt Pleasant, Harare, Zimbabwe
263 242 745411|librarian@aju.ac.zw